000 01165nam a22003737a 4500
001 0049236
003 KOHA_MİRAKIL
005 20260207003644.0
007 ta
008 150629b2013 tu |||gr||||#||||0|tur |
020 _a9786053778677
040 _aTR-BiSEU
_btur
_cTR-BiSEU
_erda
041 0 _atur
044 _ctu
050 _aKKX3159
_b.O74 2013
100 1 _aOrhan, Ümit.
245 1 _aProfesyonel futbol teknik adam sözleşmesi ve uygulama sorunları/
_cÜmit Orhan ; Ümit Orhan.
264 1 _aİstanbul :
_bBeta Basım Yayım
_c2013
300 _aX, 194 sayfa ;
_c24 cm.
336 _ametin
_btxt
_2rdacontent
337 _aaracısız
_bn
_2rdamedia
338 _acilt
_bnc
_2rdacarrier
490 1 _aBeta Yayın ;
_v2844.
490 1 _aİletişim Dizisi ;
_v98
500 _aKaynakça var.
650 0 _aHukuk--Futbol--Teknik adam.
_990514
650 0 _aLaw--Football--Coach.
_990515
650 0 _aHukuk--Futbol--Sözleşmeler.
_990516
650 0 _aLaw--Football--Contracts.
_990517
650 0 _aFutbol--Hukuk.
_990518
830 1 _aBeta Yayın ;
_v2844.
_93323
830 1 _aİletişim Dizisi ;
_v98
_93517
942 _2lcc
_cBK
999 _c49074
_d49074